The chemical analysis of water : general principrles and techniques

Saved in:
Bibliographic Details
Main Author: Hunt, D. T. E.
Other Authors: Wilson, Anthony Leslie 1929-1985
Format: Book
Language:English
Published: Cambridge : The royal society of chemistry, c1995
Edition:2nd ed.
Subjects:
Tags: Add Tag
No Tags, Be the first to tag this record!

MARC

LEADER 00000nam a2200000 i 4500
001 1/17440
008 981006s1995 eng d
020 |a 0-85186-797-9 
035 |l 10020559 
040 |a GR-MY-UA  |b gre  |e aacr 
041 0 |a eng 
082 0 |a 628.161 
100 1 |a Hunt, D. T. E. 
245 1 4 |a The chemical analysis of water :  |b general principrles and techniques /  |c by D. T. E. Hunt and A. L. Wilson 
250 |a 2nd ed. 
260 |a Cambridge :   |b The royal society of chemistry,   |c c1995 
300 |a xxi, 683 σ.;  |b εικ.;  |c 23 εκ. 
504 |a Περιέχει βιβλιογραφικές παραπομπές 
650 0 0 |a Water  |x Analysis. 
700 1 |a Wilson, Anthony Leslie  |d 1929-1985. 
852 |a INST  |b LESVOS  |e 19981006  |h 628.161 HUN  |p 005100012730  |q 005100012730  |t BK  |y 0 
901 |a BIBL-1998-3 
909 |a Λ  |b 059161 
922 |a 1ΕΛΗ  |b 199809  |c ΚΠΣ/ΤΠ  |d ΠΑΠΑΣΩΤΗΡΙΟΥ 
950 |a 107-1998-06-03